The ICFAI University Journal of Organizational Behaviour (Record no. 9786)

MARC details
000 -LEADER
fixed length control field 00457nam a22001217a 4500
003 - CONTROL NUMBER IDENTIFIER
control field OSt
008 - FIXED-LENGTH DATA ELEMENTS--GENERAL INFORMATION
fixed length control field 201203b ||||| |||| 00| 0 eng d
245 ## - TITLE STATEMENT
Title The ICFAI University Journal of Organizational Behaviour
250 ## - EDITION STATEMENT
Edition statement 2013(Apr Vol.12 No.2, Jul Vol.12 No.3, Oct Vol.12 No.4) 2014(Jan Vol.13 No.1, Apr Vol.13 No.2, Jul Vol.13 No.3, Oct Vol.13 No.4)
260 ## - PUBLICATION, DISTRIBUTION, ETC. (IMPRINT)
Place of publication, distribution, etc Hyderabad, Andhra Pradesh
Name of publisher, distributor, etc ICFAI University Press
650 ## - SUBJECT ADDED ENTRY--TOPICAL TERM
Topical term or geographic name as entry element Management
942 ## - ADDED ENTRY ELEMENTS (KOHA)
Source of classification or shelving scheme Dewey Decimal Classification
Koha item type BOUND VOLUME
Holdings
Withdrawn status Lost status Source of classification or shelving scheme Materials specified (bound volume or other part) Damaged status Not for loan Collection code Home library Current library Date acquired Source of acquisition Serial Enumeration / chronologySerial Enumeration / Volume No. Total Checkouts Acc. no. / Barcode Date last seen Bill Date Koha item type
    Dewey Decimal Classification Bound Volume   Not For Loan MBA PIET C-LIBRARY PIET C-LIBRARY 14/12/2020 ICFAI University Press 2013(Apr Vol.12 No.2, Jul Vol.12 No.3, Oct Vol.12 No.4) 2014(Jan Vol.13 No.1, Apr Vol.13 No.2, Jul Vol.13 No.3, Oct Vol.13 No.4)   BV532 14/12/2020 09/01/2013 BOUND VOLUME

Design & Developed by: PIET Central Library
R70 Miles Stone Pattikalyana Samalkha Panipat 132102
mail ID :- [email protected], Phone No:- 0180-2569700 Ex.216